000 00790nam a2200265Ia 4500
003 OSt
005 20220928125558.0
006 a|||||r|||| 00| 0
007 ta
008 220927b |||||||| |||| 00| 0 eng d
020 _c7408
024 _a111255
037 _b76, 09/03/2011, Better Book Service
_cTextual
040 _aSDCL
_cSDCL
_beng
041 _2eng
_aeng
082 _aX:75.41'P, Q0
100 _aLiu Xiaohui Ed.
_9470403
245 0 _aChina's three decades of economic reforms.
260 _aLondon
_bRoutledge
_c2010
300 _axviii,301p.
_ccm.
650 _aHistory
700 _a Zhang Wei Ed.
_9470404
942 _hX:75.41'P, Q0
_cTEXL
_2CC
999 _c783124
_d783124